| 000 | 00525nam a2200181 a 4500 | ||
|---|---|---|---|
| 005 | 20210219160251.0 | ||
| 008 | 081002s2000 mx r 000 0 spa d | ||
| 035 | _aUPN01000161922 | ||
| 049 | _aUNE | ||
| 080 | _a331.6 (727.2) MAR No.4. | ||
| 100 | 1 | _aMarroquín, Alejandro | |
| 245 | 1 | 3 | _aLa Ciudad mercado (Tlaxiaco) |
| 260 | _aMéxico : INI, 1978. | ||
| 300 | _a239 p. : map. | ||
| 440 | 0 | _aClasicos de la antropología mexicana; 4 | |
| 690 | _aMercados- Poblaciones indigenas- Mexico (Oaxaca) | ||
| 905 | _aUNESCO | ||
| 999 |
_c134035 _d134035 |
||